Statistics for Countries with a 'Very High' HDI rating

Click here to take the quiz!

General Stats

  • This quiz has been taken 192 times
  • The average score is 41 of 46

Answer Stats

RankHDI RatingCountry% Correct
10.955Norway
99%
220.885Spain
99%
30.937United States
99%
110.911Canada
98%
=200.892Finland
98%
=70.916Sweden
98%
=250.875United Kingdom
98%
20.938Australia
96%
100.912Japan
96%
50.920Germany
95%
420.816Portugal
95%
160.897Belgium
94%
140.901Denmark
94%
130.906Iceland
94%
=70.916Ireland
94%
=250.875Luxembourg
94%
120.909South Korea
94%
=170.895Austria
93%
280.860Greece
93%
240.881Italy
93%
40.921Netherlands
93%
60.919New Zealand
93%
=170.895Singapore
93%
=200.892Slovenia
93%
90.913Switzerland
93%
230.883Liechtenstein
92%
=320.846Estonia
91%
190.893France
91%
380.821Poland
91%
430.814Latvia
90%
=400.818Lithuania
90%
270.873Czech Republic
89%
340.840Slovakia
89%
=320.846Andorra
86%
440.811Argentina
86%
360.831Hungary
86%
150.900Israel
86%
350.834Qatar
86%
390.819Chile
85%
460.805Croatia
85%
=400.818United Arab Emirates
84%
310.847Malta
81%
300.848Cyprus
79%
290.855Brunei
59%
450.806Seychelles
40%
370.825Barbados
38%

Score Distribution

Percentile by Number Answered

Percent of People with Each Score

Your Score History

You have not taken this quiz